Механика жидкости и газа: учебное пособие
| Главный автор: | |
|---|---|
| Автор-организация: | |
| Другие авторы: | |
| Примечания: | Заглавие с титульного экрана Электронная версия печатной публикации В пособии изложены вопросы о физических свойствах жидкостей, применяемых в гидроприводе технологических машин, силах, действующих на жидкость, движении жидкостей и газов, а также прикладные задачи механики жидкости и газа. Предназначено для студентов, обучающихся по направлениям 150700 "Машиностроение", 151900 "Конструкторско-технологическое обеспечение машиностроительных производств". Режим доступа: из корпоративной сети ТПУ |
| Язык: | русский |
| Опубликовано: |
Томск, Изд-во ТПУ, 2012
|
| Предметы: | |
| Online-ссылка: | http://www.lib.tpu.ru/fulltext2/m/2013/m124.pdf |
| Формат: | Электронный ресурс Книга |
| Запись в KOHA: | https://koha.lib.tpu.ru/cgi-bin/koha/opac-detail.pl?biblionumber=236290 |
MARC
| LEADER | 00000nlm0a2200000 4500 | ||
|---|---|---|---|
| 001 | 236290 | ||
| 005 | 20231101231449.0 | ||
| 035 | |a (RuTPU)RU\TPU\book\257450 | ||
| 090 | |a 236290 | ||
| 100 | |a 20130422d2012 m y0rusy50 ca | ||
| 101 | 0 | |a rus | |
| 102 | |a RU | ||
| 105 | |a a j 001zy | ||
| 135 | |a drcn ---uucaa | ||
| 181 | 0 | |a i | |
| 182 | 0 | |a b | |
| 200 | 1 | |a Механика жидкости и газа |b Электронный ресурс |e учебное пособие |f С. А. Смайлов, К. А. Кувшинов |g Национальный исследовательский Томский политехнический университет (ТПУ), Институт кибернетики (ИК), Кафедра автоматизации и роботизации в машиностроении (АРМ) | |
| 203 | |a Текст |c электронный | ||
| 210 | |a Томск |c Изд-во ТПУ |d 2012 | ||
| 230 | |a 1 компьютерный файл (pdf; 2.7 MB) | ||
| 300 | |a Заглавие с титульного экрана | ||
| 300 | |a Электронная версия печатной публикации | ||
| 330 | |a В пособии изложены вопросы о физических свойствах жидкостей, применяемых в гидроприводе технологических машин, силах, действующих на жидкость, движении жидкостей и газов, а также прикладные задачи механики жидкости и газа. Предназначено для студентов, обучающихся по направлениям 150700 "Машиностроение", 151900 "Конструкторско-технологическое обеспечение машиностроительных производств". | ||
| 333 | |a Режим доступа: из корпоративной сети ТПУ | ||
| 337 | |a Adobe Reader | ||
| 452 | 1 | |0 (RuTPU)RU\TPU\book\249567 |t Механика жидкости и газа |o учебное пособие |f С. А. Смайлов, К. А. Кувшинов |g Национальный исследовательский Томский политехнический университет (ТПУ) |c Томск |n Изд-во ТПУ |d 2012 |p 108 с. |a Смайлов, Садык Арифович | |
| 606 | 1 | |a Механика жидкости и газа |2 stltpush |3 (RuTPU)RU\TPU\subj\72052 |9 85655 | |
| 610 | 1 | |a электронный ресурс | |
| 610 | 1 | |a учебные пособия | |
| 610 | 1 | |a труды учёных ТПУ | |
| 610 | 1 | |a рабочие жидкости | |
| 610 | 1 | |a гидростатика | |
| 610 | 1 | |a гидродинамика | |
| 610 | 1 | |a гидравлический удар | |
| 610 | 1 | |a вязкость | |
| 610 | 1 | |a плотность | |
| 610 | 1 | |a сжимаемость | |
| 610 | 1 | |a теплопроводность | |
| 610 | 1 | |a удельная теплоемкость | |
| 610 | 1 | |a поверхностное натяжение | |
| 610 | 1 | |a капиллярные явления | |
| 610 | 1 | |a уравнения Эйлера | |
| 610 | 1 | |a уравнения Бернулли | |
| 610 | 1 | |a идеальные жидкости | |
| 610 | 1 | |a ламинарный режим | |
| 610 | 1 | |a турбулентный режим | |
| 610 | 1 | |a гидравлические сопротивления | |
| 675 | |a 532(075.8) |v 3 | ||
| 700 | 1 | |a Смайлов |b С. А. |c специалист в области машиностроения |c доцент Томского политехнического университета, кандидат технических наук |f 1951- |g Садык Арифович |2 stltpush |3 (RuTPU)RU\TPU\pers\30281 | |
| 701 | 1 | |a Кувшинов |b К. А. |c специалист в области машиностроения |c инженер Томского политехнического университета |c заведующий лабораторией |f 1983- |g Кирилл Александрович |2 stltpush |3 (RuTPU)RU\TPU\pers\27291 | |
| 712 | 0 | 2 | |a Национальный исследовательский Томский политехнический университет (ТПУ) |b Институт кибернетики (ИК) |b Кафедра автоматизации и роботизации в машиностроении (АРМ) |h 78 |2 stltpush |3 (RuTPU)RU\TPU\col\18704 |
| 801 | 1 | |a RU |b 63413507 |c 20130422 | |
| 801 | 2 | |a RU |b 63413507 |c 20151211 |g RCR | |
| 856 | 4 | |u http://www.lib.tpu.ru/fulltext2/m/2013/m124.pdf | |
| 900 | |a Механика жидкости и газа | ||
| 942 | |c CF | ||